<?xml version="1.0" encoding="UTF-8"?><?xml-stylesheet type="text/xsl" href="static/style.xsl"?><OAI-PMH xmlns="http://www.openarchives.org/OAI/2.0/" xmlns:xsi="http://www.w3.org/2001/XMLSchema-instance" xsi:schemaLocation="http://www.openarchives.org/OAI/2.0/ http://www.openarchives.org/OAI/2.0/OAI-PMH.xsd"><responseDate>2026-04-13T02:45:50Z</responseDate><request verb="GetRecord" identifier="oai:www.recercat.cat:2117/327034" metadataPrefix="marc">https://recercat.cat/oai/request</request><GetRecord><record><header><identifier>oai:recercat.cat:2117/327034</identifier><datestamp>2025-07-17T03:37:52Z</datestamp><setSpec>com_2072_1033</setSpec><setSpec>col_2072_452950</setSpec></header><metadata><record xmlns="http://www.loc.gov/MARC21/slim" xmlns:dcterms="http://purl.org/dc/terms/" xmlns:xsi="http://www.w3.org/2001/XMLSchema-instance" xmlns:doc="http://www.lyncode.com/xoai" xsi:schemaLocation="http://www.loc.gov/MARC21/slim http://www.loc.gov/standards/marcxml/schema/MARC21slim.xsd">
   <leader>00925njm 22002777a 4500</leader>
   <datafield ind2=" " ind1=" " tag="042">
      <subfield code="a">dc</subfield>
   </datafield>
   <datafield ind2=" " ind1=" " tag="720">
      <subfield code="a">Rodríguez Ferran, Antonio</subfield>
      <subfield code="e">author</subfield>
   </datafield>
   <datafield ind2=" " ind1=" " tag="720">
      <subfield code="a">Huerta, Antonio</subfield>
      <subfield code="e">author</subfield>
   </datafield>
   <datafield ind2=" " ind1=" " tag="260">
      <subfield code="c">1992-09</subfield>
   </datafield>
   <datafield ind2=" " ind1=" " tag="520">
      <subfield code="a">Los residuos semi-sólidos son desechos de diversas actividades productivas con un contenido de agua muy elevado. El tratamiento más común es el vertido en grandes balsas de almacenamiento. La simulación del llenado y de la consolidación con grandes deformaciones plantea serias dificultades debido al carácter altamente no lineal del problema físico y matemático.&#xd;
&#xd;
&#xd;
Se presentan varios esquemas numéricos existentes para resolver este problema así como algunas modificacio­nes introducidas para describir mejor las elevadas variaciones con la profundidad de las propiedades del material. Los algoritmos numéricos desarrollados son robustos y verifican la convergencia de los esquema iterativos, a diferencia de planteamientos más clásicos basados en elegir incrementos de tiempo «Suficientemente» pequeños y asumir la convergencia en cada paso.&#xd;
&#xd;
&#xd;
Se ha elaborado un paquete de programas de ordenador para predecir la magnitud y la velocidad de consolida­ción unidimensional y pseudo-bidimensional (deformación unidimensional, flujo bidimensional) con grandes defor­maciones, acoplando los fenómenos de llenado y consolidación. Puede simularse la vida real del depósito combinan­do períodos de vertido y períodos de reposo. Se trata pues de una herramienta básica para el diseño de balsas de almacenamiento.</subfield>
   </datafield>
   <datafield ind2=" " ind1=" " tag="520">
      <subfield code="a">Postprint (published version)</subfield>
   </datafield>
   <datafield tag="653" ind2=" " ind1=" ">
      <subfield code="a">Àrees temàtiques de la UPC::Enginyeria civil::Impacte ambiental</subfield>
   </datafield>
   <datafield tag="653" ind2=" " ind1=" ">
      <subfield code="a">Factory and trade waste -- Storage</subfield>
   </datafield>
   <datafield tag="653" ind2=" " ind1=" ">
      <subfield code="a">Residus industrials -- Gestió</subfield>
   </datafield>
   <datafield tag="653" ind2=" " ind1=" ">
      <subfield code="a">Residus industrials -- Emmagatzematge</subfield>
   </datafield>
   <datafield ind2="0" ind1="0" tag="245">
      <subfield code="a">Simulación numérica del vertido y consolidación de residuos semi-solidos industriales y mineros</subfield>
   </datafield>
</record></metadata></record></GetRecord></OAI-PMH>